01300agaaa2200289 45000010005000000030009000050050017000140070009000310080040000400400023000800410013001031000044001161300022001602450167001822500022003492600102003713000022004735080147004955110087006425200026007295380016007555460013007716500054007847000058008387000056008967000058009529172IT-RoPAU20220918181230.0d cvaizq50131s9999||||xx ||| | || ||und|| aIT-RoPAUcIT-RoPAU aITALIANO aRohmer EricgCodice regista SPICS: 1948 aRACCONTI MORALI 6 aRACCONTI MORALI 6cProdotto da: Cottrell Pierre -- Sceneggiatura: Rohmer Eric -- Diretto da: Rohmer EricpRACCONTI MORALI 6 (Rif. Codice opera principale : 29172) aEdizione Standard a(FRANCIA)bFILMS DU LOSANGE / Distribuzione: RAIg"1972 (1° ed.: 1985 ; Ed. Lingua Orig.: 1972)" aVHSbsonoro, col. a"Fotografia: Almendros Nestor; Montaggio: Decugis Cecile; Musica: Dzierlatka Arie; Sceneggiatura: Rohmer Eric; Scenografia: Rachline Nicole; " a"Verley Bernard; Zouzou; Ceccaldi Daniel; Michelino Tina; Randall Suze; Fabian F." aL'AMORE AL POMERIGGIO aPAL, STEREO aITALIANO aCOMMEDIAeFILMS [VHS]xCodice MATERIA SPICS: 9960 aDzierlatka Ariee(musica)gCodice Musica SPICS: 29791 aRohmer Eric e(regista)gCodice regista SPICS: 1948 aRohmer Eric e(soggetto)gCodice Soggetto SPICS: 1948